MARC

LEADER 00000nam0a2200000 4500
001 290345
005 20231102000257.0
035 |a (RuTPU)RU\TPU\book\314893 
090 |a 290345 
100 |a 20150406d1966 k y0rusy50 ca 
101 0 |a rus 
102 |a RU 
105 |a a z 001zy 
200 1 |a Эксплуатация котлоагрегатов на газообразном топливе  |f Р. И. Эстеркин 
205 |a 2-е изд., перераб. и доп. 
210 |a Ленинград  |c Недра  |d 1966 
215 |a 197 с.  |c ил. 
225 1 |a Библиотека мастера газового хозяйства 
320 |a Библиогр.: с. 194-195. 
606 1 |a Котельные установки  |x Эксплуатация  |x Теплоэнергетика  |2 stltpush  |3 (RuTPU)RU\TPU\subj\69608  |9 84379 
610 1 |a котлоагрегаты 
610 1 |a газообразное топливо 
610 1 |a эксплуатация 
610 1 |a обслуживание 
610 1 |a тяго-дутьевые устройства 
610 1 |a технико-экономические показатели 
610 1 |a техника безопасности 
675 |a 621.182.004  |v 3 
700 1 |a Эстеркин  |b Р. И.  |g Рахмиель Иосифович 
801 1 |a RU  |b 63413507  |c 20150406 
801 2 |a RU  |b 63413507  |c 20220412  |g RCR 
942 |c BK